000 01401nam2a22002771 4500
001 v19\rc\1612833
005 20250620065446.0
035 _a(NLR Aleph) 005217502
090 _a5471822
_c5471822
100 _a20061002e18971897|||y0rusy50 ca
101 0 _arus
102 _aRU
105 _ay z |||||
200 0 _aСт. 2
210 _aМосква
_cт-во тип. А.И. Мамонтова
_d1897
215 _a18 с.
311 _aИз журн. "Мед. обозрение". 1897, июль
461 0 _1001v19\rc\1612831
_12001#$aК учению о возвратном тифе$e(из Патол.-анат. ин-та в Москве)$e(предварит. сообщ.)$eст. [1]-2$f[соч.] О.Г. Тиктина$vСт. 2
_95471805
_aТиктин, О.Г. (1862-)
_cМосква
_d1897
_f[соч.] О.Г. Тиктина
_nт-во тип. А.И. Мамонтова
_o(из Патол.-анат. ин-та в Москве) : (предварит. сообщ.) : ст. [1]-2
_p2 отт.
_tК учению о возвратном тифе
_vСт. 2
488 0 _12001#$aМедицинское обозрение$v1897, июль
_tМедицинское обозрение
801 0 _aRU
_bNLR
_c20061002
_gpsbo
801 0 _aRU
_bRuMoRGB
_c20061002
_2psbo
801 1 _aRU
_bProSoft-M
_c20061002
_2rusmarc
801 2 _aRU
_bNLR
_c20070404
_2rusmarc
852 _aNLR
_j18.234.1.594
942 _cBOOK
980 _aNB